The quotable angel : a treasury of inspiring quotations spanning the ages.

में बचाया:
ग्रंथसूची विवरण
अन्य लेखक: Chearney, Lee Ann
स्वरूप: पुस्तक
भाषा:अंग्रेज़ी
प्रकाशित: New York : John Wiley & Sons, 1995.
विषय:
टैग: टैग जोड़ें
कोई टैग नहीं, इस रिकॉर्ड को टैग करने वाले पहले व्यक्ति बनें!

MARC

LEADER 00000cam a22000002a 4500
001 0000014834
003 DAYSTAR
005 20171002014902.0
008 030703s1995 nyu 001 0 eng d
020 |a 0471131482 
040 |a Daystar  |d Kmbae 
050 1 |a BL477  |b .Q67 
245 0 4 |a The quotable angel :  |b a treasury of inspiring quotations spanning the ages. 
260 |a New York :  |b John Wiley & Sons,  |c 1995. 
300 |a 240p. 
650 0 |a Angels  |x Quotations, Maxim. 
700 1 |a Chearney, Lee Ann. 
908 |a 060412 
942 |c G 
952 |0 0  |1 0  |4 0  |6 BL_477_000000000000000_Q67  |7 0  |9 8256  |a DUA  |b DUA  |c GC  |d 2017-09-28  |l 0  |o BL477.Q67  |p BK001213  |r 2017-09-28 00:00:00  |t c.2  |w 2017-09-28  |x 48534  |y G 
952 |0 0  |1 0  |4 0  |6 BL_477_000000000000000_Q67  |7 0  |9 8257  |a DUA  |b DUA  |c GC  |d 2017-09-28  |l 0  |o BL477.Q67  |p BK001214  |r 2017-09-28 00:00:00  |t c.4  |w 2017-09-28  |x 61140  |y G 
952 |0 0  |1 0  |4 0  |6 BL_477_000000000000000_Q67  |7 0  |9 8258  |a DUA  |b DUA  |c GC  |d 2017-09-28  |l 0  |o BL477.Q67  |p BK001215  |r 2017-09-28 00:00:00  |t c.1  |w 2017-09-28  |x 48283  |y G 
952 |0 0  |1 0  |4 0  |6 BL_477_000000000000000_Q67  |7 0  |9 8259  |a DUN  |b DUN  |c GC  |d 2017-09-28  |l 0  |o BL477.Q67  |p BK024859  |r 2017-09-28 00:00:00  |t c.3  |w 2017-09-28  |x 61139  |y G 
999 |c 5396  |d 5396